BIBLIOTHÈQUE DE LA MAISON DU MEXIQUE

Logo 1 Logo 2

Los laberintos del poder (notice nᵒ 12594)

détails MARC
000 -Sello discográfico
campo de control de longitud fija 01219nam a2200361 4500
005 - Identificación de versión
campo de control 20251016082628.0
010 ## - Número Estándar Internacional de Libros (ISBN)
Número (ISBN) 968-120-089-6
035 ## - Otros números de control del sistema
Número de control del sistema 6828
099 ## - fechas locales
Tipo de ítem Koha LIBRO
100 ## - Datos de procesamiento general
Datos de procesamiento general 19930801d1981 m y1spay5003 ba
101 1# - Idioma del recurso
Idioma del texto, banda sonora, etc. Español; Castellano
Idioma de la obra original Inglés
105 ## - Campo de datos codificados: Material textual, monográfico
Datos codificados de monografía y 001zy
200 1# - Título y mención de responsabilidad
Título propio Los laberintos del poder
Designación general del material texto impreso
Otra información del título el reclutamiento de las élites políticas en México : 1900-1971
Primer mención de responsabilidad Peter H. Smith
Declaración de responsabilidad subsiguiente traducción de Soledad Loaeza y Joaquín Urquidi
205 ## - Declaración de edición
Declaración de edición 1a ed
210 ## - Publicación, distribución, etc.
Lugar de publicación, distribución, etc. México
Nombre del editor, distribuidor, etc. El Colegio de México
Fecha de publicación, distribución, etc. 1981
215 ## - Descripción física
Designación de material específico y extensión del ítem 414 p
Dimensiones 21 cm
345 ## - Nota de información de adquisición
Fuente de adquisición/dirección de la suscripción [OBSOLETO] Donación
606 ## - Término temático usado como materia
Elemento de entrada Elite (Ciencias sociales)
Subdivisión geográfica México
Número Koha 2799
606 ## - Término temático usado como materia
Elemento de entrada Poder (Ciencias sociales)
Número Koha 1522
607 ## - Nombre geográfico utilizado como tema
Elemento de entrada México
Subdivisión temática Política y gobierno
Subdivisión cronológica 1910-1946
Número Koha 373
607 ## - Nombre geográfico utilizado como tema
Elemento de entrada México
Subdivisión temática Política y gobierno
Subdivisión cronológica 1946-
Número Koha 2506
660 ## - Código de área geográfica
Código MX
700 ## - Nombre personal - Responsabilidad primaria
Elemento de entrada Smith
Parte del nombre distinta del elemento de entrada Peter Hopkinson
Fechas 1940-
Número Koha 19346
702 ## - Nombre personal - Responsabilidad secundaria
Elemento de entrada Loaeza Tovar
Parte del nombre distinta del elemento de entrada María Soledad
Fechas 1950-
Número Koha 3036
702 ## - Nombre personal - Responsabilidad secundaria
Elemento de entrada Urquidi
Parte del nombre distinta del elemento de entrada Joaquín
Número Koha 19347
801 #0 - Fuente de origen
Agencia cm
900 ## -
-- 1/9716
900 ## -
-- 710935383\\010893
942 ## - ELEMENTOS DE ENTRADA SECUNDARIOS (KOHA)
Tipo de ítem Koha Livre
996 ## -
-- MEX
-- 751145101
-- MMAG
-- 006372
-- 320.4 S64L
-- 20220427LIV
Exemplaires
Estatus retirado Estado de daño Estado de pérdida Fecha de adquisición Biblioteca de origen Biblioteca actual Ubicación en estantería Código de barras Precio de reemplazo Signatura topográfica completa No para préstamo Tipo de ítem Koha Nota pública Nota no pública
      05/08/2025 Casa México Paris Casa México Paris   006372 05/08/2025 320.4 S64L   Livre 20220427LIV 751145101